header

Essential nuclear medicine physics (Record no. 37539)

MARC details
000 -LEADER
fixed length control field 01774nam a22003614a 4500
082 04 - DEWEY DECIMAL CLASSIFICATION NUMBER
Classification number 616.07/575
100 1# - MAIN ENTRY--AUTHOR NAME
Personal name Powsner, Rachel A.
245 10 - TITLE STATEMENT
Title Essential nuclear medicine physics
250 ## - EDITION STATEMENT
Edition statement 2nd ed.
260 ## - PUBLICATION, DISTRIBUTION, ETC. (IMPRINT)
Place of publication Malden, Mass. :
Name of publisher Blackwell Pub.,
Year of publication 2006.
300 ## - PHYSICAL DESCRIPTION
Number of Pages viii, 206 p. :
Other physical details ill.
500 ## - GENERAL NOTE
General note Rev. ed. of: Essentials of nuclear medicine physics. 1998.
505 0# - FORMATTED CONTENTS NOTE
Formatted contents note Basic nuclear medicine physics -- Interaction of radiation with matter -- Formation of radionuclides -- Nonscintillation detectors -- Nonimaging scintillation detectors -- Imaging instrumentation -- Single-photon emission computed tomography (SPECT) -- Positron emission tomography (PET) -- PET/CT -- Quality control -- Radiation biology -- Radiation dosimetry -- Radiation safety -- Radiation accidents.
650 #0 - SUBJECT ADDED ENTRY--TOPICAL TERM
Topical Term Nuclear medicine.
Topical Term Medical physics.
700 1# - ADDED ENTRY--PERSONAL NAME
Personal name Powsner, Edward R.,
Personal name Powsner, Rachel A.
856 40 - ELECTRONIC LOCATION AND ACCESS
Uniform Resource Identifier http://site.ebrary.com/lib/rucke/Doc?id=10232773

No items available.

© 2026 Rongo University
Contact us: librarian | system librarian | Rongo university